000 00461nam a2200181Ia 4500
001 19767
005 20260306172717.0
008 260306t2015||||xx |||||||||||||| ||spa||
041 _aESP
082 _a341
_bZ32
100 _aZanetti, Gianfrancesco
_eAUT
245 0 _aEguaglianza come prassi:
_bteoria dell´argomentazione normativa
260 _c2015
300 _a210 páginas :
_c21 cm.
650 _aGEN
654 _aCDE
942 _cLIB
_dJUS
_fJUS
_2ddc
_n
999 _c19767
_d19767